Animal Diversity : (Record no. 171161)

MARC details
000 -LEADER
fixed length control field 00644nam a2200193 4500
005 - DATE AND TIME OF LATEST TRANSACTION
control field 20200116121327.0
010 ## - LCCN (DPL NO)
LC control number ENG-127288
020 ## - INTERNATIONAL STANDARD BOOK NUMBER
International Standard Book Number 9789386519252
Terms of availability 200.00
035 ## - SYSTEM CONTROL NUMBER
System control number EN-110820
037 ## - SOURCE OF ACQUISITION
Source of stock number/acquisition DBAD/PUB
082 ## - DEWEY DECIMAL CLASSIFICATION NUMBER
Classification number 592
100 ## - MAIN ENTRY--PERSONAL NAME
Personal name Arumugam,C.N
245 ## - TITLE STATEMENT
Title Animal Diversity :
Statement of responsibility, etc by C.N ,Arumugam
Remainder of title Invertebrata & Chordata /
260 ## - PUBLICATION, DISTRIBUTION, ETC. (IMPRINT)
Place of publication, distribution, etc New Delhi
Name of publisher, distributor, etc Saras Publishers
Date of publication, distribution, etc 2018
270 ## - ADDRESS
Address 114/35GA.R.P Camp Road periavilai,Kottar P.O Nagercoil Kanyakumari Dist
City Tamil Nadu
Postal code 629002
Electronic mail address info@saraspublication.com
300 ## - PHYSICAL DESCRIPTION
Extent Xiii,526p.
Dimensions 24cm(pbk)
500 ## - GENERAL NOTE
General note include index
942 ## - ADDED ENTRY ELEMENTS (KOHA)
Source of classification or shelving scheme Dewey Decimal Classification
Item type English Books
Classification part 301.153
Call number suffix DOG
Holdings
Withdrawn status Lost status Not for loan Collection code Home library Current library Date acquired Source of acquisition Cost, normal purchase price Full call number Barcode Copy number Cost, replacement price Koha item type
      Non-fiction Shahdara Branch Shahdara Branch 16/01/2020 DBAD/PUB 495.00 301.153 DOG EN-110820 1 495.00 English Books

© Delhi Public Library
Hit Counter
free hit counter